|
|
|
|
| LEADER |
00000naa0a2200000 4500 |
| 001 |
597689 |
| 005 |
20250211092419.0 |
| 035 |
|
|
|a (RuTPU)RU\TPU\tpu\21056
|
| 035 |
|
|
|a RU\TPU\tpu\21047
|
| 090 |
|
|
|a 597689
|
| 100 |
|
|
|a 20120424d2009 k y0rusy50 ca
|
| 101 |
0 |
|
|a rus
|
| 102 |
|
|
|a RU
|
| 200 |
1 |
|
|a Использование элементов театральной педагогики при работе с дезадаптивными подростками
|f Е. Ю. Азбукина
|
| 333 |
|
|
|a В фонде НТБ ТПУ отсутствует
|
| 463 |
|
|
|t Образование в Сибири : актуальные проблемы истории и современности
|o материалы VI всероссийской научной конференции, Томск, 16-17 ноября 2009 г.
|v С. 85-86
|d 2009
|
| 610 |
1 |
|
|a труды учёных ТПУ
|
| 700 |
|
1 |
|a Азбукина
|b Е. Ю.
|c лингвист
|c доцент Томского политехнического университета, кандидат педагогических наук
|g Елена Юрьевна
|3 (RuTPU)RU\TPU\pers\26985
|
| 801 |
|
1 |
|a RU
|b 63413507
|c 20120423
|
| 801 |
|
2 |
|a RU
|b 63413507
|c 20120424
|g RCR
|
| 942 |
|
|
|c BK
|